Tilastot visalle Bhutan... vai Nepal?

Klikkaa tästä pelataksesi tätä visaa!

Yleistilastot

  • Tätä visaa on pelattu 218 kertaa
    (217 viimeisimmän päivityksen jälkeen)
  • Keskiarvotulos 12 / 15

Vastaustilastot

KysymysVastaus% Oikein
Mount Everest sijaitsee osittain tämän maan alueella.Nepal
97%
Kathmandu on sen pääkaupunki.Nepal
93%
Maan asukasluku on suurempi.Nepal
90%
Tämä on "ukkoslohikäärmeen maa".Bhutan
88%
Maan lippu ei ole nelikulmainen.Nepal
88%
Sijaitsee idempänä.Bhutan
87%
Maan rajanaapureita ovat sekä Kiina että Intia.molemmat
85%
Maassa on Suomen suurlähetystö.Nepal
83%
Maan virallinen kieli on dzongkha.Bhutan
81%
Perustuslain mukaan valtion tavoitteena on "bruttokansanonnellisuus".Bhutan
79%
Tämä maa on kuningaskunta.Bhutan
72%
Maan keskikorkeus on yli 1500 metriä merenpinnan yläpuolella.molemmat
71%
Pääkaupungissa ei ole liikennevaloja.Bhutan
68%
Siddhartha Gautama (Buddha) syntyi perimätiedon mukaan täällä.Nepal
68%
Enemmistö asukkaista on buddhalaisia.Bhutan
37%

Tulosjakauma

Persentiili vastausten määrän mukaan

Jokaisen tuloksen saaneiden osuus

Tuloshistoriasi

Et ole pelannut tätä visaa sen viimeisimmän päivityksen jälkeen